000 00605nam a2200181Ia 4500
008 090630s9999 xx 000 0 und d
082 _b23991
100 _aमंगळवेढेकर राजा.
245 _aमुक्या.
_cमंगळवेढेकर राजा.
260 _bमंजुल - पुणे.
_c2001
300 _a52
600 _aमंगळवेढेकर राजा.
630 _aमुक्या.
655 _aबालवाङमय.
700 _aमंगळवेढेकर राजा.
730 _aमुक्या.
942 _cBOOK
999 _c275847
_d275847